Die Aussenwirtschaftsmechanismen der anderen europäischen RGW-Länder-Stand und Diskussionen

Guardado en:
Detalles Bibliográficos
Formato: Libro
Lenguaje:alemán
Publicado: Berlin Hochschule für Ökonomie "Bruno Leuschner" 1989
Colección:Forschungsinformation Heft 11
Materias:
Etiquetas: Agregar Etiqueta
Sin Etiquetas, Sea el primero en etiquetar este registro!

MARC

LEADER 00000nam a2200000 4500
001 c037261
005 20260325070655.3
041 0 |a ger 
044 |a DE 
245 1 0 |a Die Aussenwirtschaftsmechanismen der anderen europäischen RGW-Länder-Stand und Diskussionen 
264 1 |a Berlin  |b Hochschule für Ökonomie "Bruno Leuschner"  |c 1989 
300 |a 123 s. 
490 1 |a Forschungsinformation  |v Heft 11 
830 0 |a Forschungsinformation  |v Heft 11 
610 2 0 |a RVHP